Η Αθήνα - κάποτε : γειτονιές που χάθηκαν
Saved in:
| Main Author: | |
|---|---|
| Format: | Book |
| Language: | Greek |
| Published: |
Αθήνα :
Φιλιππότη,
c2004.
|
| Subjects: | |
| Tags: |
Add Tag
No Tags, Be the first to tag this record!
|
MARC
| LEADER | 00000cam a2200000 i 4500 | ||
|---|---|---|---|
| 001 | 1/94402 | ||
| 008 | 080923s2004 gr | ||| |||| ||gre|| | ||
| 035 | |l 10100370 | ||
| 040 | |a GR-MyUa |b gre |e AACR2 | ||
| 041 | 0 | |a gre | |
| 082 | 7 | |a 938.912 |2 (22) | |
| 100 | 1 | |a Σιμωνέτης, Γιάννης, |d 1926- | |
| 245 | 1 | 2 | |a Η Αθήνα - κάποτε : |b γειτονιές που χάθηκαν / |c Γιάννη Σιμωνέτη. |
| 260 | |a Αθήνα : |b Φιλιππότη, |c c2004. | ||
| 300 | |a 175 σ. : |b εικ. ; |c 24 εκ. | ||
| 651 | 0 | |a Athens (Greece) |x History |y 20th century. | |
| 651 | 0 | |a Athens (Greece) |x Social life and customs. | |
| 852 | |a INST |b SYROS |e 20080923 |h 938.912 ΣΙΜ |p 005500009100 |q 005500009100 |t BK |y 0 | ||
| 901 | |a BIBL5-2008-3 | ||
| 922 | |a 5ΕΛΗ |b 200711 |c ΕΠΕΑΕΚ2/ΤΜΣΠΣ |d Σ. Πατάκης | ||
| 970 | |a Καγιαβά |b Ειρήνη |z 23/09/2008 | ||